| 000 | 00554nam a22002177a 4500 | ||
|---|---|---|---|
| 003 | OSt | ||
| 005 | 20160829181851.0 | ||
| 008 | 150327b xxu||||| |||| 00| 0 eng d | ||
| 020 | _a9780340986011 | ||
| 040 | _cDNLM | ||
| 082 |
_aWM18 W931c 2010 _bP |
||
| 100 |
_aWright, Barry _93411 |
||
| 245 | _a100 cases in psychiatry | ||
| 260 |
_aUK; _bArnold, _c2010 |
||
| 300 |
_axi,265p; _bcol.ill _c24cm |
||
| 504 | _aIndex included | ||
| 650 |
_aPsychiatry _9351 |
||
| 650 |
_aMCQs in Psychiatry _910933 |
||
| 700 |
_aDave, Subodh _93412 |
||
| 942 |
_2z _cB_BANK |
||
| 999 |
_c1279 _d1279 |
||